[Event "Høstturneringen 2012"]
[Site "Ås, Akershus NOR"]
[Date "2012.10.18"]
[Round "5"]
[White "Moberg, Jan Rune"]
[Black "Furnes, Torstein"]
[Result "1-0"]
[WhiteElo "1511"]
[BlackElo "1614"]
[PlyCount "91"]

1. d4 d5 2. c4 e6 3. Nf3 Nf6 4. g3 Be7 5. Bg2 O-O 6. O-O dxc4 7. Ne5 Nbd7 8.
Nxc4 Rb8 9. e4 b6 10. Re1 Bb7 11. Nc3 c5 12. d5 exd5 $2 13. exd5 Re8 14. Bf4
Ba6 15. Bxb8 Qxb8 16. b3 b5 17. Na5 Bd6 18. Qd2 b4 19. Na4 Bb5 20. Nb2 Be5 21.
Qc2 Qc7 22. Nac4 Bc3 23. Rxe8+ Nxe8 24. Rd1 Nef6 25. Qf5 Qd8 26. Nd3 Qe7 27.
Bf3 g6 28. Qf4 Nb6 $2 29. d6 Qe6 30. Nxc5 Qc8 31. Nxb6 axb6 32. Ne4 Nxe4 33.
Qxe4 Qd7 34. Bg4 f5 35. Qd5+ Kh8 36. Bf3 Kg7 37. Qb7 Qxb7 38. Bxb7 Bd7 39. Bc8
Bxc8 40. d7 Bxd7 41. Rxd7+ Kh6 42. Rd6 Kg5 43. Rxb6 Kg4 44. Kg2 g5 45. Rc6 Kh5
46. a4 1-0

[Event "Høstturneringen 2012"]
[Site "Ås, Akershus NOR"]
[Date "2012.10.18"]
[Round "5"]
[White "Kielland-Lund, Jon"]
[Black "Hanssen, Jon Fr"]
[Result "1-0"]
[WhiteElo "1587"]
[BlackElo "1044"]
[PlyCount "39"]

1. c4 e6 2. g3 Be7 3. Bg2 Nc6 4. d4 Nf6 5. e4 h6 6. e5 Ng8 7. Nc3 a6 8. Nge2 d6
9. f4 Rb8 10. O-O b6 11. Bxc6+ Bd7 12. Bg2 c6 13. d5 Qc7 14. Kh1 dxe5 15. fxe5
exd5 16. cxd5 Bg5 17. d6 Qd8 18. Nd4 Kf8 19. Nxc6 Bxc6 20. Bxc6 1-0

[Event "Høstturneringen 2012"]
[Site "Ås, Akershus NOR"]
[Date "2012.10.18"]
[Round "5"]
[White "Høva, Frode"]
[Black "Garmark, Vegard"]
[Result "1-0"]
[WhiteElo "1577"]
[BlackElo "1187"]
[PlyCount "53"]

1. d4 d5 2. c4 e6 3. Nc3 Nf6 4. Bg5 Be7 5. cxd5 Nxd5 6. Bxe7 Kxe7 7. Nf3 Nc6 8.
e4 Nb6 9. g3 h6 10. Bg2 g5 11. d5 exd5 12. exd5 Nb4 13. O-O N4xd5 14. Re1+ Kf6
15. Qd4+ Kg6 16. Ne5+ Kh7 17. Nxf7 Qf6 18. Qxf6 Nxf6 19. Nxh8 Kxh8 20. Rad1 Kg7
21. Re7+ Kg6 22. Rxc7 Ne8 23. Re7 Bg4 24. Rd6+ Kh5 (24... Nxd6) 25. Rd4 Rc8 26.
h3 Bf5 27. g4+ 1-0

[Event "Høstturneringen 2012"]
[Site "Ås, Akershus NOR"]
[Date "2012.10.18"]
[Round "5"]
[White "Thowsen, Alf Geir"]
[Black "Simonsen, Steinar"]
[Result "0-1"]
[WhiteElo "1154"]
[BlackElo "1336"]
[PlyCount "106"]

1. d4 d5 2. c4 e6 3. Nc3 Nf6 4. e3 c5 5. Nf3 Nc6 6. cxd5 Nxd5 7. Qb3 cxd4 8.
Nxd5 exd5 9. Nxd4 Bb4+ 10. Bd2 Bxd2+ 11. Kxd2 Nxd4 12. exd4 O-O 13. g3 Re8 14.
Bg2 Be6 15. Rac1 Qf6 16. Ke2 Qxd4 17. Rhd1 Bg4+ ({Enda sterkere er} 17... Bh3+
18. Kf1 Qe4 $1 19. Qxd5 Bxg2+ 20. Kg1 Qxd5 21. Rxd5 Bxd5) 18. Kf1 Bxd1 19. Rxd1
Qc4+ 20. Rd3 Qxb3 21. Rxb3 d4 22. Rd3 Red8 23. Ke2 Rab8 24. Kd2 b5 25. Ra3 Rd7
26. Ra5 b4 27. Rc5 g6 28. Bd5 Rd6 29. Kd3 Rf6 30. f4 g5 31. fxg5 Rf2 32. Rc2
Rxc2 33. Kxc2 Rd8 34. Bc4 Kg7 35. Kd3 a5 36. a3 f6 37. gxf6+ Kxf6 38. Ke4 Kg5
39. axb4 axb4 40. b3 h5 41. h4+ Kg4 42. Be2+ Kxg3 43. Bxh5 d3 44. Ke3 Kxh4 45.
Bd1 Kg3 46. Kd2 Kf4 47. Bh5 Rd6 48. Bd1 Ke4 49. Bh5 Kd4 50. Bf7 Rf6 51. Bh5
Rf2+ 52. Ke1 Rh2 53. Bd1 Kc3 0-1

[Event "Høstturneringen 2012"]
[Site "Ås, Akershus NOR"]
[Date "2012.10.18"]
[Round "5"]
[White "Weberg, Øivind"]
[Black "Stensland, Martin"]
[Result "1-0"]
[WhiteElo "1348"]
[BlackElo "1160"]
[PlyCount "67"]

1. e4 e6 2. d4 d5 3. e5 c5 4. Be3 Ne7 5. Nf3 Nf5 6. Bd3 Nxe3 7. fxe3 cxd4 8.
exd4 Be7 9. O-O O-O 10. Nbd2 Nc6 11. c3 f6 12. Qc2 f5 13. c4 Nb4 14. Qc3 Nxd3
15. Qxd3 dxc4 16. Nxc4 Bd7 17. Rad1 a6 18. d5 Bc5+ 19. Kh1 Bb5 20. b3 Qxd5 21.
Qxd5 exd5 22. Rxd5 Rac8 23. Rfd1 Bxc4 24. bxc4 h6 25. Rd7 b6 26. e6 Rfe8 27.
Nh4 Rxe6 28. Nxf5 Bf8 29. g4 Re4 30. Nd6 Bxd6 31. R1xd6 Rcxc4 32. Rg6 Rxg4 33.
Rdxg7+ Kh8 34. Rxg4 1-0

[Event "Høstturneringen 2012"]
[Site "Ås, Akershus NOR"]
[Date "2012.10.25"]
[Round "6"]
[White "Snellingen, Jørn"]
[Black "Moberg, Jan Rune"]
[Result "1-0"]
[WhiteElo "1836"]
[BlackElo "1511"]
[PlyCount "109"]
[EventDate "2012.08.30"]

1. d4 d5 2. c4 e6 3. Nc3 Nf6 4. Bg5 Be7 5. cxd5 exd5 6. e3 O-O 7. Bd3 Ne4 $4 8.
Bxe7 Qxe7 9. Qc2 $2 ({Utrolig har begge oversett} 9. Nxd5 {som vinner mer enn
nok materiell til at svart må kaste inn håndkledet umiddelbart.} Qe6 ({Eller:} 
9... Qh4 10. g3 Nxg3 11. fxg3 Qd8 12. Qf3) 10. Nxc7 Qf5 11. Qc2 Nc6 12. Bxe4
Qa5+ 13. Kf1 Qxc7 14. d5) 9... Nf6 10. Nge2 Nc6 11. a3 Bg4 12. h3 Bh5 13. g4
Bg6 14. g5 Nh5 15. h4 Rad8 16. O-O-O Na5 17. Rhe1 Rd6 18. Nf4 Rfd8 19. Bxg6
hxg6 20. Nd3 b6 21. Kb1 a6 22. Qa4 Qd7 23. Qxd7 R8xd7 24. Ne5 Rd8 25. Na2 c5
26. b4 Nb3 27. Kb2 c4 28. Nc3 f5 29. Re2 b5 30. Ree1 Re6 31. Nd3 cxd3 32. Kxb3
f4 33. Rxd3 fxe3 34. Rdxe3 Rxe3 35. Rxe3 Rd6 36. Ne2 Kf7 37. a4 bxa4+ 38. Kxa4
Rc6 39. Nc3 Rc4 40. Ne2 Rc2 41. Ka5 Rb2 42. f4 Ra2+ 43. Kb6 Rb2 44. Kc5 Rc2+
45. Kd6 (45. Kxd5 $2 Rxe2 46. Rxe2 Nxf4+ 47. Kc6 Nxe2 48. d5 Nd4+ $19) 45...
Rb2 46. Ng3 Rxb4 47. Nxh5 gxh5 48. Kxd5 a5 49. Ke5 Ra4 50. f5 Ra1 51. d5 a4 52.
Kd6 a3 53. Re7+ Kf8 54. g6 Rd1 55. Ra7 {Svart ga opp.} 1-0

[Event "Høstturneringen 2012"]
[Site "Ås, Akershus NOR"]
[Date "2012.10.25"]
[Round "6"]
[White "Lea, Per"]
[Black "Kielland-Lund, Jon"]
[Result "1/2-1/2"]
[WhiteElo "1655"]
[BlackElo "1587"]
[PlyCount "73"]
[EventDate "2012.08.30"]

1. e4 c6 2. d4 d5 3. Nc3 dxe4 4. Nxe4 Bf5 5. Ng3 Bg6 6. h4 h6 7. Nf3 Nd7 8. h5
Bh7 9. Bd3 Bxd3 10. Qxd3 e6 11. Bd2 Qc7 12. O-O-O O-O-O 13. Kb1 Ngf6 14. Ne4
Nc5 15. Nxc5 Bxc5 16. Qc4 Bd6 17. Qe2 Rhe8 18. Ne5 Bxe5 19. dxe5 Nd5 20. c4 Ne7
21. Bc3 c5 22. g4 Rxd1+ 23. Rxd1 Rd8 24. Rd6 Rxd6 25. exd6 Qxd6 26. Bxg7 Ng8 ({
Bedre er sannsynligvis} 26... Qf4 {men svart fryktet} 27. Be5 Qg5 28. f4 Qh4 ({
I analysene så vi bare på} 28... Qg8 29. Bd6 {
og det ser unektelig litt passivt ut.}) 29. Bd6) 27. Kc2 f6 28. Qd2 $4 Qxd2+ $2
({Ingen av oss hadde sett:} 28... Qe7 29. Bxh6 {
Det minste av mange onder, men etter} Qh7+ 30. Kb3 Nxh6 31. Qd6 Nxg4 32. Qxc5+
Qc7 33. Qxa7 {skal hvit slite for å unngå tap.}) 29. Kxd2 Kd7 30. Bf8 b6 31.
Ke3 a5 32. Ke4 a4 33. f4 $2 ({Heller ikke} 33. f3 Ke8 34. Bd6 Kd7 35. Bf4 {
hjelper noe, selv om Fritz påstår at hvit står best.}) 33... Ke8 34. Bd6 (34.
Bg7 {ble vurdert, men i analysene etterpå fant vi ut at dette ga svart
motspill. Men sannsynligvis holder hvit remis her også:} Kf7 35. Bh8 Ne7 36. g5
hxg5 37. fxg5 fxg5 38. Kf3 Nc6 39. Bc3 Na5 40. Kg4 Nxc4 41. Kxg5 Nd6 42. Be5 (
42. h6 $4 Ne4+ 43. Kg4 Nxc3 44. h7 Kg7 45. bxc3 b5 {og svart vinner.}) 42...
Nc4 43. Bc3 Nd6 44. Be5 {med remis.}) 34... Kd7 35. Bf8 (35. Bb8 Kc8 36. Bd6 ({
Ikke} 36. Ba7 $4 Kb7 37. Bxb6 Kxb6 {og svart vinner.})) 35... Ke8 36. Bd6 Kd7
37. Bf8 {med remistilbud som ble akseptert - og dessuten hadde samme stilling
oppstått 3 ganger.} 1/2-1/2

[Event "Høstturneringen 2012"]
[Site "Ås, Akershus NOR"]
[Date "2012.10.25"]
[Round "6"]
[White "Furnes, Torstein"]
[Black "Høva, Frode"]
[Result "0-1"]
[WhiteElo "1614"]
[BlackElo "1577"]
[PlyCount "60"]

1. d4 Nf6 2. c4 g6 3. Nc3 c5 4. d5 e6 5. Nf3 exd5 6. cxd5 d6 7. e4 Bg7 8. Be2
O-O 9. O-O Re8 10. Qc2 Na6 11. a3 Nc7 12. Bg5 h6 13. Bf4 b5 14. Nxb5 Nxb5 15.
Bxb5 Rxe4 16. Bc6 Rb8 17. Bg3 Bf5 18. Qd2 Nh5 19. Ra2 Qe7 20. Re1 Rxe1+ 21.
Nxe1 Bb1 22. Ra1 Rxb2 23. Qd1 Bf5 24. Rc1 Nxg3 25. hxg3 Bd4 26. Nc2 Rxc2 27.
Rxc2 Bxc2 28. Qxc2 Qe1+ 29. Kh2 Bxf2 30. Qd3 h5 0-1

[Event "Høstturneringen 2012"]
[Site "Ås, Akershus NOR"]
[Date "2012.10.25"]
[Round "6"]
[White "Olsen, Trygve"]
[Black "Hanssen, Jon Fr"]
[Result "1-0"]
[WhiteElo "1278"]
[BlackElo "1044"]
[PlyCount "72"]
[EventDate "2012.08.30"]

1. e4 e6 2. Nf3 Nf6 3. Nc3 d6 4. d4 g6 5. Bg5 Be7 6. Bh6 Ng4 7. Bd2 a6 8. h3
Nf6 9. Bh6 Bf8 10. Qd2 Nbd7 11. e5 Ng8 12. Be3 d5 13. a3 c6 14. Bd3 h6 15. O-O
b5 16. b4 Nb6 17. Bxg6 $4 {
Et "Trygve-offer". Noen ganger - som her - var det helt trygt å ta i mot:} Nc4
(17... fxg6 18. Qd3 Ne7 {
og hvit har ingen kompensasjon annet enn den ene bonden, for offiseren}) 18.
Bxf7+ Kxf7 19. Qc1 Nxe3 20. fxe3 Ke8 21. Nh2 Qe7 22. Ng4 Bg7 23. e4 Bb7 24. Qf4
Qf8 $2 25. Qg3 (25. Nf6+ Bxf6 26. exf6 Kd7 {
hadde vært mer i stil med en angreps-spiller som Trygve.}) 25... Qe7 26. Rf3
Kd7 27. a4 h5 28. Nf2 h4 29. Qh2 {Passivt} ({Bedre:} 29. Qg6 Rf8 30. axb5 cxb5
31. exd5 Rxf3 32. gxf3 Rh6 33. Qg4) 29... Rf8 30. Rxf8 Qxf8 31. Nd3 Bh6 32.
Nc5+ Kc7 $4 {Fra klar fordel til tapsstilling i ett trekk...} 33. Nxe6+ Kb6 34.
Nxf8 Bxf8 35. a5+ Ka7 36. Rb1 Bh6 {Herfra og ut er notasjonen mangelfull, men
svart ga opp den håpløse kampen etter få trekk.} 1-0

[Event "Høstturneringen 2012"]
[Site "Ås, Akershus NOR"]
[Date "2012.10.25"]
[Round "6"]
[White "Stensland, Martin"]
[Black "Garmark, Vegard"]
[Result "1-0"]
[WhiteElo "1160"]
[BlackElo "1187"]
[PlyCount "93"]
[EventDate "2012.08.30"]

1. d4 d5 2. c4 e5 3. cxd5 ({Mer vanlig er} 3. dxe5 d4 {
og alle svartspilleres våte drøm er å få spille:} 4. e3 Bb4+ 5. Bd2 dxe3 6.
Bxb4 exf2+ 7. Ke2 fxg1=N+ $1 {Hvis svart forvandler til dronning, rekker hvit
å slå på d8, før han slår den nye madamen på g1. Siden forvandling til
springer er med sjakk, rekker ikke hvit å slå på d8, og hvis han slår på g1
kommer en dronningvinnende løpersjakk på g4} 8. Ke1 Qh4+ 9. Kd2 {
og svart kan bade seg til seier.}) 3... Qxd5 4. Nc3 Qxd4 5. Qxd4 exd4 6. Nb5
Na6 7. a3 c5 8. e3 Bd7 9. exd4 cxd4 10. Nxd4 Bc5 11. Ngf3 Ne7 12. Be2 O-O 13.
O-O Nf5 14. Nxf5 Bxf5 15. Ne5 Rfe8 16. Bf4 Bd4 17. Bxa6 bxa6 18. Nc4 Rac8 19.
Nd6 Bxb2 20. Ra2 Be5 21. Bxe5 Rxe5 22. Nxc8 Bxc8 23. Rb2 Re8 24. Rb8 f6 25. Rc1
Bd7 26. Rxe8+ Bxe8 27. Rc8 Kf7 28. Rc7+ Kg6 29. Rxa7 Bb5 30. f3 Kh6 31. Rc7 g5
32. g4 Kg6 33. Kf2 h5 34. gxh5+ Kxh5 35. Kg3 f5 36. f4 g4 37. Rg7 Kh6 38. Re7
Kg6 39. Re5 Kf6 40. h3 gxh3 41. Kxh3 Bd3 42. a4 Bc4 43. a5 Bd3 44. Kg3 Bc2 45.
Kf2 Bd3 46. Ke3 Bb5 $2 47. Rxb5 {Alltid en mulighet den underlegne parten i
sånne sluttspill må se opp for. Ofte er den eneste muligheten å vinne sånne
sluttspill å ofre tilbake for å oppnå et vunnet bondesluttspill. Og sånne
sluttspill er enkle - det er bare et spørsmål om å telle.... Svart kunne telle
og ga umiddelbart opp.} 1-0

[Event "Høstturneringen 2012"]
[Site "Ås, Akershus NOR"]
[Date "2012.10.29"]
[Round "6"]
[White "Simonsen, Steinar"]
[Black "Weberg, Øivind"]
[Result "1-0"]
[WhiteElo "1336"]
[BlackElo "1348"]
[PlyCount "59"]

1. e4 e5 2. Nf3 Nc6 3. Bb5 d6 4. O-O Bg4 5. h3 Bxf3 6. Qxf3 Nf6 7. d3 Be7 8.
Nc3 O-O 9. Be3 Nd4 10. Bxd4 exd4 11. Ne2 c6 12. Ba4 b5 13. Bb3 c5 14. c4 b4 15.
a3 a5 16. axb4 axb4 17. Nf4 Nd7 18. Nd5 Ne5 19. Qe2 f5 $2 20. Rxa8 Qxa8 21.
Nxe7+ Kh8 22. Nxf5 Rf6 23. f4 Nc6 24. Qg4 Rg6 25. Qf3 Na5 26. Ra1 Qd8 27. Bd1
b3 28. e5 dxe5 29. fxe5 Qc7 30. Qa8+ 1-0

[Event "Høstturneringen 2012"]
[Site "Ås, Akershus NOR"]
[Date "2012.11.08"]
[Round "7"]
[White "Hanssen, Jon Fredrik"]
[Black "Snellingen, Jørn"]
[Result "0-1"]
[WhiteElo "1044"]
[BlackElo "1836"]
[PlyCount "60"]

1. e3 Nf6 2. d3 d5 3. Be2 c5 4. Bd2 Nc6 5. h3 e5 6. c3 Be7 7. a3 a5 8. c4 d4 9.
e4 Bd7 10. Nf3 a4 11. Bg5 Qc7 12. Bh4 h6 13. Nbd2 O-O 14. O-O Rfb8 15. Nh2 b5
16. Ng4 Nxg4 17. Bxg4 Bxh4 18. Bxd7 Qxd7 19. Qg4 Qxg4 20. hxg4 b4 21. g3 Bg5
22. f4 Bf6 23. f5 bxa3 24. bxa3 Rb2 25. Nf3 Rab8 26. Rf2 R2b3 27. Rd2 Rc3 28.
Ne1 Rbb3 29. Rc2 Rxc2 30. Nxc2 Rxd3 0-1

[Event "Høstturneringen 2012"]
[Site "Ås, Akershus NOR"]
[Date "2012.11.08"]
[Round "7"]
[White "Lea, Per"]
[Black "Simonsen, Steinar"]
[Result "1-0"]
[WhiteElo "1655"]
[BlackElo "1336"]
[PlyCount "77"]
[EventDate "2012.08.30"]

1. e4 c6 2. d4 d5 3. Nc3 dxe4 4. Nxe4 Nf6 5. Nxf6+ exf6 6. Bc4 Be6 7. Bxe6 fxe6
8. Qh5+ g6 9. Qg4 f5 10. Qf4 Bg7 11. Nf3 h5 12. Ne5 Bh6 13. Qg3 g5 14. Qb3 Rh7
15. Qxe6+ Qe7 16. Qc8+ Qd8 17. Qxf5 Qe7 18. O-O Nd7 19. Nxd7 Qxd7 20. Re1+ Kd8
21. Bxg5+ Kc7 22. Qf4+ Qd6 23. Bxh6 Rxh6 24. Re5 {[%emt 0:00:00]} Rd8 25. Rae1
Rf6 26. Re7+ Kb6 27. Qxd6 Rfxd6 28. c3 a5 29. Rh7 c5 30. dxc5+ Kxc5 31. Rxh5+
Kb6 32. b4 axb4 33. cxb4 Rd2 34. a4 Rb2 35. a5+ Ka7 36. b5 Rdd2 37. Rf5 Re2 38.
Kf1 Rec2 39. g4 1-0

[Event "Høstturneringen 2012"]
[Site "Ås, Akershus NOR"]
[Date "2012.11.08"]
[Round "7"]
[White "Høva, Frode"]
[Black "Moberg, Jan Rune"]
[Result "0-1"]
[WhiteElo "1577"]
[BlackElo "1511"]
[PlyCount "72"]

1. d4 f5 2. Nf3 b6 3. g3 Bb7 4. Bg2 Nf6 5. O-O e6 6. c4 Be7 7. Nc3 O-O 8. d5
Qc8 9. Bf4 a5 10. Rc1 Na6 11. Nb5 Ne4 12. dxe6 dxe6 13. Be5 Bc5 14. a3 Rf7 15.
Qc2 Rd7 16. e3 Qe8 17. Rcd1 Rad8 18. Rxd7 Qxd7 19. Bd4 Bxd4 20. exd4 c6 21. Nc3
Nxc3 22. Qxc3 Qd6 23. Rd1 Nc5 24. Qe3 Ne4 25. Ne5 c5 26. Nf3 h6 27. Bh3 g5 28.
Bg2 Kh7 29. h4 $2 g4 30. Ne5 cxd4 ({Førstevalget til Fritz er} 30... Qxe5 $3
31. dxe5 Rxd1+ 32. Kh2 (32. Bf1 $2 Nd2) 32... Nd2 33. Bxb7 (33. Qe2 $2 Nf3+ 34.
Bxf3 Bxf3 35. Qxd1 Bxd1) 33... Nf1+ 34. Kg2 Nxe3+ 35. fxe3 Rd2+ 36. Kf1 Rxb2
$19) 31. Qf4 Qc7 32. f3 gxf3 33. Bxf3 Rg8 ({Fritz foreslår} 33... Nxg3 $1 34.
Rxd4 Qc5 35. b4 Rxd4 36. Qxg3 Rg4+ 37. bxc5 Rxg3+ 38. Kf2 Rxf3+ 39. Nxf3 Bxf3
40. Kxf3 bxc5 $19) 34. Rxd4 Qc5 35. Qe3 Qxe5 36. Rd7+ Rg7 {Hvit tapte på tid.}
0-1

[Event "Høstturneringen 2012"]
[Site "Ås, Akershus NOR"]
[Date "2012.11.08"]
[Round "7"]
[White "Kielland-Lund, Jon"]
[Black "Thowsen, Alf Geir"]
[Result "1-0"]
[WhiteElo "1587"]
[BlackElo "1154"]
[PlyCount "123"]
[EventDate "2012.08.30"]

1. c4 e5 2. Nc3 Nf6 3. Nf3 Nc6 4. e3 d6 5. d4 Bg4 6. Be2 Be7 7. d5 Nb8 8. e4 c5
9. dxc6 Nxc6 10. Be3 O-O 11. O-O Qd7 12. a3 a5 13. b3 h6 14. Qc2 Rfd8 15. Rfd1
Qc7 16. Nb5 Qb8 17. Rd2 Ne8 18. Rad1 b6 19. Kh1 Na7 20. Nc3 Rc8 21. Nd5 Bd8 22.
a4 Be6 23. Nc3 Rc6 24. Qb1 (24. Nxe5 dxe5 25. Rxd8 Qxd8 26. Rxd8 Rxd8 27. Nd5
$18) 24... Be7 25. Ne1 Nf6 26. f3 Qd8 27. Nc2 Ne8 28. Na3 Nc7 29. g4 Na6 30.
Nab5 Nb4 31. Na3 Nc8 32. Nc2 Nxc2 33. Qxc2 Bg5 34. Qd3 Ra7 35. Nb5 Rd7 36. Bf1
Bxe3 37. Qxe3 Na7 38. Nc3 Rc5 39. Qf2 f6 40. h4 Bf7 41. Bh3 Be6 42. Qg3 Nc6 43.
Nb5 Nd4 44. Nxd4 exd4 45. Rxd4 Rc6 46. Kh2 g5 47. Bf1 Kg7 48. Be2 Qc7 49. Kg2
Qd8 50. hxg5 hxg5 51. Rh1 Kg6 52. Qh2 Qg8 53. Qh5+ Kg7 54. Qh6+ Kf7 55. Rdd1
Qg7 56. Qh3 Kg8 57. Rh2 Rcc7 58. Qg3 Rc6 59. Rdh1 Rf7 60. Rh6 Rd7 61. Qh2 Rcc7
62. Rh8+ 1-0

[Event "Høstturneringen 2012"]
[Site "Ås, Akershus NOR"]
[Date "2012.11.08"]
[Round "7"]
[White "Olsen, Trygve"]
[Black "Stensland, Martin"]
[Result "1/2-1/2"]
[WhiteElo "1278"]
[BlackElo "1160"]
[PlyCount "109"]
[EventDate "2012.08.30"]

1. e4 e6 2. f4 d5 3. e5 Nc6 4. Nf3 h6 5. d4 Nge7 6. c3 Nf5 7. Bd3 Be7 8. Bxf5
exf5 9. O-O Be6 10. b4 Qd7 11. a4 g5 12. fxg5 hxg5 13. Nxg5 O-O-O 14. Bf4 Rdg8
15. Nf3 Rg4 16. Qc1 Rhg8 17. Ra2 f6 18. h3 R4g7 19. Bh6 Rh7 20. Bf4 Rxh3 21.
Kf2 Rh7 22. Rh1 Rxh1 23. Qxh1 fxe5 24. dxe5 d4 25. Rd2 d3 26. Ke3 Nd8 27. Rxd3
Qxa4 28. Nd4 Bd5 29. Rd2 Be4 30. Qh7 Re8 31. Qh1 Qa1 32. Nc2 Bxc2 33. Rxc2 Qa6
34. Qh7 Qb6+ 35. Kd2 Qf2+ 36. Kd1 Qxf4 ({Enda sterkere er} 36... Qf1+ 37. Kd2
Qxf4+ 38. Ke2 Qg4+ 39. Kf2 Bh4+ 40. Kg1 Rxe5 {med forsert matt i maks 8 trekk})
37. Re2 Qf1+ 38. Re1 Qd3+ 39. Kc1 Bg5+ 40. Kb2 Ne6 41. Qg6 Kd7 42. Qh7+ Re7 43.
Qh5 Kc6 44. Rd1 Qe4 45. Qh1 Nf4 46. Qf1 Qxg2+ 47. Qxg2+ Nxg2 48. Rg1 Rg7 49.
Na3 b5 50. Nc2 Nf4 51. Nd4+ Kd5 52. Nxb5 c6 53. Nd4 Nd3+ 54. Kc2 Nxe5 55. Nxf5
(55. Nxf5 Rg6 $19) 1/2-1/2

[Event "Høstturneringen 2012"]
[Site "Ås, Akershus NOR"]
[Date "2012.11.08"]
[Round "7"]
[White "Garmark, Vegard"]
[Black "Weberg, Øivind"]
[Result "1-0"]
[WhiteElo "1187"]
[BlackElo "1348"]
[PlyCount "31"]
[EventDate "2012.08.30"]

1. e4 e5 2. Nf3 Nc6 3. d4 exd4 4. c3 dxc3 5. Nxc3 d6 6. Nd4 Nxd4 7. Qxd4 Qf6 8.
Qd1 g6 9. Be2 Bd7 10. Be3 Ne7 11. Qd2 (11. Bd4) 11... Nc8 12. O-O (12. Nd5 Qd8
13. Bg5 Be7 14. Bxe7 Nxe7 15. Nf6+ Kf8 16. Qh6#) 12... Be7 13. f4 (13. Nd5 Qh4
14. Nxc7+) 13... O-O 14. Rf3 (14. Nd5) 14... Bg4 15. Rg3 (15. Nd5) 15... Bxe2
16. Qxe2 {Mangelfull notasjon} 1-0

[Event "Høstturneringen 2012"]
[Site "Ås, Akershus NOR"]
[Date "2012.11.15"]
[Round "8"]
[White "Stensland, Martin"]
[Black "Lea, Per"]
[Result "0-1"]
[WhiteElo "1160"]
[BlackElo "1655"]
[Annotator "Per Lea"]
[PlyCount "84"]
[EventDate "2012.08.30"]

1. d4 d5 2. c4 e5 3. dxe5 d4 4. a3 Nc6 5. Nf3 Bg4 6. Bf4 Nge7 7. Nbd2 h6 8. h3
Bxf3 9. Nxf3 g5 10. Bh2 Ng6 11. Qb3 $1 Qd7 12. Qb5 $2 {
Gir fra seg mye av fordelen.} ({Bedre er} 12. O-O-O O-O-O 13. e3 {
og svart har null kompensasjon for bonden.}) 12... O-O-O 13. Rd1 Qe6 14. e3 a6
15. Qb3 Bc5 16. Be2 dxe3 17. fxe3 {Svart er i ferd med å overta initiativet.
Dobbeltbøndene i e-linja er intet vakkert syn!} Ngxe5 18. O-O f5 19. Kh1 Bd6
20. Nd4 Nxd4 21. Rxd4 {Med remistilbud. De 4 siste trekk for begge har vært
dårlige: fordelen har hoppet fram og tilbake som en ping-pong-ball.} Nc6 22.
Rd5 (22. Rxd6 cxd6 23. Rxf5 Kb8 24. Rd5 {er en interessant ide som ingen av
oss var klar over. Hvits løperpar kan bli skummelt.}) 22... Bxh2 23. Kxh2 Rxd5
24. cxd5 Qe5+ 25. Kh1 Nd4 $2 {Ikke så godt som jeg trodde under partiet.
Springeren bør nok trekke seg tilbake til e7, men da er det nok hvit som står
best - selv om løperparet ikke lenger er på banen.} 26. Qc3 Re8 27. Re1 $4 {
Offisersbukk - som jeg misser!} ({
Hvit har i stedet et trekk som gir klart fordelaktig stilling} 27. Bh5 $1 Nb5
28. Qb4 Re7 29. Rxf5 Qg7 {Hvit ligger en sunn fribonde over og bør vinne} (
29... Qxf5 30. Bg4 {og hvit vinner})) 27... Nxe2 {
Holder til fordel (vinner bonde)} ({Men} 27... Qxe3 $1 {
vinner rein offiser - og partiet!}) 28. Qxe5 Rxe5 29. Rxe2 Rxd5 30. Kh2 Re5 31.
g3 Kd7 32. Kg2 f4 $2 {Spilt i den tro at det vil oppstå et vunnet
bondesluttspill, men det spørs om ikke det hadde vært bedre å utnytte fordelen
i tårnsluttspillet etter} (32... Kd6 33. Kf3 c5 34. g4 Rd5 35. Rh2 Ke6) 33.
gxf4 gxf4 34. Kf3 ({Etter} 34. e4 {må svart virkelig slite for seieren, hvis
partiet i det hele tatt lar seg vinne.}) 34... Rxe3+ 35. Rxe3 fxe3 36. Kxe3 Ke6
{Med bondemajoritet på dronningfløyen og bønder på kongefløyen må svart vinne.
Før eller siden må svart få en fribonde, og hvis hvit går etter den, spiser
svart h-bonden.} 37. Ke4 c5 38. b3 b5 39. h4 h5 40. Kd3 (40. Kf4 $4 Kd5 41. Kg5
c4 {og svart vinner}) 40... Kf5 41. a4 Kg4 42. axb5 axb5 0-1

[Event "Høstturneringen 2012"]
[Site "Ås, Akershus NOR"]
[Date "2012.11.15"]
[Round "8"]
[White "Weberg, Øivind"]
[Black "Olsen, Trygve"]
[Result "0-1"]
[WhiteElo "1348"]
[BlackElo "1278"]
[PlyCount "69"]
[EventDate "2012.08.30"]

1. Nf3 d5 2. g3 Nf6 3. Bg2 Nc6 4. O-O e5 5. d3 h6 6. Nbd2 b5 7. b3 Bd6 8. a4 b4
9. Bb2 a5 10. Rc1 Bb7 11. c4 d4 12. c5 Be7 13. Nc4 Ra7 14. Re1 Nd7 15. Nfd2 Bf6
16. Ne4 O-O 17. Nxf6+ Qxf6 18. Be4 Nxc5 19. Nd2 Nxe4 20. Nxe4 Qd8 21. Nc5 Ba8
22. e3 Qc8 23. Qh5 Kh7 24. exd4 exd4 25. Ne4 Qd8 26. Rc5 g6 27. Qd5 Qxd5 28.
Rxd5 f6 29. Rd7+ Kg8 30. Bxd4 Nxd4 31. Rxd4 f5 32. Rd7 $4 fxe4 33. dxe4 Rf7 34.
Rd8+ Kg7 35. e5 0-1

[Event "Høstturneringen 2012"]
[Site "Ås, Akershus NOR"]
[Date "2012.11.15"]
[Round "8"]
[White "Moberg, Jan Rune"]
[Black "Kielland-Lund, Jon"]
[Result "1/2-1/2"]
[WhiteElo "1511"]
[BlackElo "1587"]
[PlyCount "63"]
[EventDate "2012.08.30"]

{Lite dramatikk her: begge spiller solid og uten at det svinger. Følgelig er
remis et greit resultat.} 1. e4 c6 2. d3 d5 3. Nd2 e5 4. c3 Bd6 5. Be2 Nf6 6.
Ngf3 Bg4 7. Qc2 Nbd7 8. a3 O-O 9. O-O b5 10. b4 a5 11. Bb2 Re8 12. Nb3 axb4 13.
axb4 Qc7 14. Nh4 Be6 15. Nd2 Nb6 16. Nhf3 Bg4 17. h3 Bh5 18. Rfc1 Qb7 19. Bf1
Na4 20. Ba3 Bg6 21. Nh4 dxe4 22. dxe4 Red8 23. Nxg6 hxg6 24. Nf3 c5 25. Ng5 c4
26. Rd1 Be7 27. Rxd8+ Bxd8 28. Bc1 Qc6 29. Be2 Bb6 30. Bd2 Rd8 31. Be1 Bc7 32.
Rd1 1/2-1/2